The Creative present / Nona Balakian; Charles Simmons; et al
Guardat en:
| Autor principal: | |
|---|---|
| Format: | Llibre |
| Idioma: | Undetermined |
| Publicat: |
New York, Estados Unidos
Nona Balakian and Charles Simmons
1963
|
| Matèries: | |
| Etiquetes: |
Afegir etiqueta
Sense etiquetes, Sigues el primer a etiquetar aquest registre!
|
MARC
| LEADER | 00000nam a2200000Ia 4500 | ||
|---|---|---|---|
| 008 | 170316s9999 xx 000 0 und d | ||
| 040 | |a cru BVZT | ||
| 090 | |a 810 B-3c | ||
| 100 | |a Balakian, Nona; Simmons, Charles (Editores) |9 2317 | ||
| 245 | 4 | |a The Creative present / Nona Balakian; Charles Simmons; et al | |
| 260 | |a New York, Estados Unidos | ||
| 260 | |b Nona Balakian and Charles Simmons | ||
| 260 | |c 1963 | ||
| 300 | |a 265 páginas | ||
| 650 | |a LITERATURA ESTADOUNIDENSE |9 25 | ||
| 650 | |a ENSAYOS EN INGLÉS |9 2318 | ||
| 942 | |c 15 D |h 810 B-3c |2 z |6 810_B3C | ||
| 999 | |c 5464 |d 5464 | ||
